| 000 | 00986nam a2200217 a 4500 | ||
|---|---|---|---|
| 001 | 001155874 | ||
| 003 | AM-YeHGA | ||
| 005 | 20250617152402.0 | ||
| 008 | 160609s1986 ||| r 000 0 rus d | ||
| 040 | _aAM-YeHGA | ||
| 041 | 0 | _arus | |
| 245 | 0 | 0 |
_aМатематические вопросы автоматизации проектирования и испытаний : _bНаучно-технический сборник / _cАН БССР, Ин-т техн. кибернетики; Редкол.: О.И. Семенков (гл. ред.) и др. |
| 260 |
_aМинск : _bИТК, _c1986. |
||
| 300 |
_a158 с. : _bил. |
||
| 504 | _aБиблиогр. в конце ст. | ||
| 653 | 0 | _aЛогическое проектирование | |
| 653 | 0 | _aГеометрическое проектирование | |
| 700 | 1 |
_aСеменков, О.И. _eред. _4edt |
|
| 710 | 2 | _aИнститут технической кибернетики АН БССР | |
| 090 | _c371689 | ||
| 999 |
_c369816 _d369816 |
||